| Tag |
First Indicator |
Second Indicator |
Subfields |
| LEADER |
00000cam a22000001i 4500 |
| 001 |
in00004126972 |
| 005 |
20200117100655.0 |
| 006 |
m d f |
| 007 |
cr bn mmmapmmp |
| 008 |
160624s2015 mdu o f000 0 eng d |
| 035 |
|
|
|a chdc20160481
|
| 040 |
|
|
|a UMI
|b eng
|e rda
|c UMI
|d UtOrBLW
|
| 043 |
|
|
|a n-us---
|
| 086 |
0 |
|
|a Y 4.AG 8/3:S.HRG.114-261
|
| 110 |
1 |
|
|a United States.
|b Congress.
|b Senate.
|b Committee on Agriculture, Nutrition, and Forestry.
|0 http://id.loc.gov/authorities/names/n78080632
|
| 245 |
1 |
0 |
|a Agriculture Biotechnology :
|b A Look at Federal Regulation and Stakeholder Perspectives.
|
| 264 |
|
1 |
|a Bethesda, Md. :
|b ProQuest,
|c 2015.
|
| 300 |
|
|
|a 253 pages, digital, PDF file.
|
| 336 |
|
|
|a text
|2 rdacontent
|b txt
|
| 337 |
|
|
|a computer
|b c
|2 rdamedia
|
| 338 |
|
|
|a online resource
|2 rdacarrier
|b cr
|
| 500 |
|
|
|a Record is based on bibliographic data in ProQuest U.S. Congressional Hearings Digital Collection. Reuse except for individual research requires license from ProQuest, LLC.
|
| 533 |
|
|
|a Electronic reproduction.
|b [Bethesda, Md.] :
|c ProQuest,
|d 2016.
|e digital, PDF file.
|n ProQuest Congressional Hearings Digital Collection.
|n Mode of access: World Wide Web via ProQuest website.
|
| 538 |
|
|
|a System requirements: PDF reader software.
|
| 610 |
1 |
0 |
|a United States.
|b Animal and Plant Health Inspection Service.
|0 http://id.loc.gov/authorities/names/n79110456
|
| 650 |
|
0 |
|a Agricultural biotechnology
|x Government policy
|z United States.
|
| 650 |
|
0 |
|a Genetically modified foods
|x Government policy
|z United States.
|
| 776 |
0 |
8 |
|i Microfiche version:
|a United States. Congress. Senate. Committee on Agriculture, Nutrition, and Forestry.
|t Agriculture Biotechnology
|o CIS 2016 S161-10
|w cis20161666
|
| 856 |
4 |
0 |
|u http://proxy.library.tamu.edu/login?url=http://search.proquest.com/congcomp/getdoc?HEARING-ID=HRG-2015-ANF-0010
|y Electronic resource (PDF)
|z CIS 2016-S161-10
|t 0
|
| 998 |
|
|
|a cis20161666
|
| 999 |
f |
f |
|s bb80d189-9baa-3298-9b19-0bc71eb664b3
|i c296fff8-5c23-3013-9cc4-3f775ee6de01
|t 0
|
| 952 |
f |
f |
|a Texas A&M University
|b College Station
|c Electronic Resources
|d Available Online
|t 0
|e Y 4.AG 8/3:S.HRG.114-261
|h Superintendent of Documents classification
|
| 998 |
f |
f |
|a Y 4.AG 8/3:S.HRG.114-261
|t 0
|l Available Online
|